02806cam a22003255a 4500008004100000020001800041040001800059082002300077100002000100245010600120250001200226260006700238300003300305504005100338505038400389520107400773590001001847650002801857650004601885650005201931651001001983653002401993700002102017856008402038906004502122942000802167999001702175952014402192952014402336161030b xxu||||| |||| 00| 0 eng d a9780521111485 bENGdEG-ScBUE04a332.04154222bKRE1 aKressel, Henry.10aInvesting in dynamic markets :bventure capital in the digital age /cHenry Kressel, Thomas V. Lento. a1st ed. aCambridge ;aNew York :bCambridge University Press,cc. 2010. axv, 264 p. :bill. ;c24 cm. aIncludes bibliographical references and index.0 aHot markets, investment waves, bubbles, charlatans -- Financing high-risk businesses -- Venture investing : an uncertain science -- Investing in a transformed market : telecommunications -- Investing in a transformed market : semiconductors -- Investing in early-stage technology : the Internet in the 1990s -- Software products and services -- Venture capital : past and future. a"Without venture capital, many of the companies whose technical innovations sparked the digital revolution would not exist. Venture investments funded these firms to develop their bright ideas into commercial products that created new business models and established whole new markets. In Profiting from Innovation, Henry Kressel, a partner at multi-billion-dollar global investing company Warburg Pincus, takes you behind the scenes of the private equity process. He draws on his extensive experience to show how venture capital works, why venture capitalists fund certain companies and not others, and what factors influence the success or failure of their high-risk, high-reward investments. He also discusses venture capital's future, now that the commercialization of technology requires larger investments and global market access. Written in clear, non-technical language, the book features informative case studies of venture capital funding in a wide range of industries, including telecommunications, software and services, semiconductors, and the internet"-- ashima 7aVenture capital.2BUEsh 7aHigh technology industries.2BUEsh933836 7aInvestmentsxComputer network resources.2BUEsh 2BUEsh bBUSADMcOctober20161 aLento, Thomas V.423Cover imageuhttp://assets.cambridge.org/97805211/11485/cover/9780521111485.jpg a7bcbccorignewd1eecipf20gy-gencatlg 2ddc c22920d22892 00102ddc40708BaccahaMAINbMAINc1STd2016-10-30ePurchaseg286.00h25846l0o332.04154 KREp000045181r2025-07-15 00:00:00v357.50yBB 00102ddc40708BaccahaMAINbMAINc1STd2016-10-30ePurchaseg286.00h25846l0o332.04154 KREp000045182r2025-07-15 00:00:00v357.50yBB